[Event "10th Dolomiti Open 2019"]
[Site "Forni di Sopra"]
[Date "2019.06.16"]
[Round "2.1"]
[White "Sarkar, Justin"]
[Black "Ivanchuk, Vassily"]
[Result "1/2-1/2"]
[WhiteElo "2359"]
[BlackElo "2691"]
[Annotator "TA"]
[PlyCount "112"]
[EventDate "2019.06.15"]
[EventType "swiss"]
[EventCountry "ITA"]
[SourceTitle "playchess.com"]
[Source "ChessBase"]
[SourceQuality "1"]

{[%evp 9,112,0,6,5,33,-17,-33,-27,22,-55,-58,-106,-104,-104,-115,-112,-120,-111,-112,-137,-136,-137,-136,-140,-144,-146,-131,-157,-153,-214,-205,-212,-223,-191,-197,-185,-178,-190,-139,-159,-147,-143,-108,-114,-120,-104,-114,-188,-24,-106,-92,-95,-84,-77,-79,-193,-178,-185,-179,-178,-129,-116,-69,-68,-69,-85,-76,-90,0,0,0,0,0,0,0,0,0,0,0,0,0,0,0,0,0,0,0,0,0,0,0,0,0,0,0,0,0,0,0,0,0,0,0,0,0]} 1. d4 Nf6 2. c4 g6 3. Nc3 Bg7 4. e4 d6 5. g3 c5 6. d5 {E72: King's Indian: 4 e4 d6 5 g3} b5 (6... O-O 7. Bg2 e6 8. Nge2 exd5 9. exd5 Nbd7 10. O-O Ne5 11. b3 Bf5 12. h3 h5 13. Bg5 Qd7 14. Bxf6 Bxf6 15. f4 Nd3 16. g4 hxg4 17. hxg4 Nb2 18. Qd2 Bxg4 {1-0 (45) Nguyen,N (2567)-Van Wely,L (2618) Dresden 2008}) 7. e5 $146 ({Predecessor:} 7. cxb5 a6 8. bxa6 O-O 9. Nge2 Bxa6 10. Nf4 Bxf1 11. Kxf1 Nbd7 12. Kg2 Qa5 13. h4 h5 {½-½ (34) Short,P (2293)-Pein,M (2390) Bunratty 2011}) 7... dxe5 8. Nxb5 {Black is slightly better.} Ne4 9. d6 (9. Ne2 $11) 9... Qa5+ $15 ({Not} 9... exd6 $2 10. Qd5 $18) (9... Nxd6 $2 10. Nxd6+ Qxd6 11. Bg2 $18) 10. Ke2 {And now Bg2 would win.} Bb7 $1 {Threatens to win with ...Nxd6.} 11. Nc7+ {[%mdl 64] Double Attack} Kd7 12. Nf3 (12. Nxa8 Nxd6 13. Nf3 Bxa8 $15) 12... Nxd6 13. Nxa8 Nc6 14. Bg2 e4 $1 {[%cal Re4f3]} 15. Nd2 Nd4+ 16. Kf1 Rxa8 17. h4 f5 18. h5 g5 19. Nb3 {[#]} (19. Kg1 $17 {is the only way for White.}) 19... Nxb3 $1 $19 20. Qxb3 Ba6 21. Qd1 Bxc4+ 22. Kg1 Bd3 23. h6 Bf6 ({Black should play} 23... Bd4 $19 24. Bd2 Qb6) 24. Bd2 $17 Qb5 25. Bc3 Rb8 26. Bxf6 exf6 27. b3 c4 28. bxc4 (28. Rc1 $17) 28... Nxc4 $2 (28... Qxc4 $19 29. Bh3 Qd4) 29. Bf1 (29. g4 $1 $11 {keeps the balance.}) 29... Ne5 {Strongly threatening ...Qc4.} 30. Bxd3 exd3 31. Qb3 d2 ({Of course not} 31... Qxb3 32. axb3 Nc6 33. Ra6 $11) 32. Rd1 (32. Qxb5+ $17 {was forced.} Rxb5 33. Kf1) 32... Qxb3 $19 33. axb3 {[%mdl 4096] Endgame KRR-KRN} Nf3+ ({Worse is} 33... Rxb3 34. Rxd2+ Ke6 35. Kg2 $16) 34. Kg2 Rxb3 {White must now prevent ...a5.} 35. Ra1 Ne1+ 36. Kf1 {[#]} Ra3 $1 {[%cal Ra3a1][%mdl 512]} 37. Rd1 {[#]} (37. Rxa3 d1=Q) 37... Nf3 $1 38. Ke2 Ke6 ({Black should try} 38... g4 $17 39. Rb1 Kc7) 39. Rb1 $11 {The position is equal.} g4 40. Rhd1 Kf7 41. Rb7+ Kg6 42. Rh1 {[%csl Gh6][%cal Rb7g7]} d1=Q+ 43. Rxd1 Ng5 44. Rdd7 a6 45. Rb6 a5 46. Ra6 Ra2+ 47. Rd2 Ra4 48. Rd5 Re4+ 49. Kf1 Nf3 {( -> ...Re1+)} 50. Rd1 $1 Re5 51. Kg2 Ne1+ 52. Kf1 Nf3 53. Kg2 a4 54. Ra1 Ne1+ 55. Kf1 Nf3 56. Kg2 Re8 {Accuracy: White = 63%, Black = 82%.} 1/2-1/2

[Event "10th Dolomiti Open 2019"]
[Site "Forni di Sopra"]
[Date "2019.06.16"]
[Round "2.2"]
[White "Dreev, Aleksey"]
[Black "Loiacono, Antonio"]
[Result "1-0"]
[WhiteElo "2657"]
[BlackElo "2317"]
[Annotator "TA"]
[PlyCount "25"]
[EventDate "2019.06.15"]
[EventType "swiss"]
[EventCountry "ITA"]
[SourceTitle "playchess.com"]
[Source "ChessBase"]
[SourceQuality "1"]

{[%evp 9,25,14,18,7,6,0,0,0,0,6,230,237,317,221,916,891,891,873]} 1. d4 d5 2. Nf3 Nf6 3. c4 c6 4. g3 Bg4 5. Ne5 Bf5 6. cxd5 {D11: Slav Defence: 3 Nf3 sidelines and 3...Nf6 4 e3 Bg4} Qxd5 (6... cxd5 7. Nc3 Nc6 8. f3 Bd7 9. e4 e6 10. Nxc6 Bxc6 11. e5 Ng8 12. Be3 Bb4 {½-½ (47) Le,Q (2714)-Hovhannisyan,R (2637) St Petersburg 2018}) 7. f3 Bxb1 $1 8. Rxb1 {The position is equal.} Qxa2 9. Bd2 {Threatens to win with e4.} Qd5 $2 (9... Nbd7 $11 {and Black is okay.}) 10. e4 $146 {[%cal Re4d5]} ({Predecessor:} 10. e3 e6 11. Bc4 Qd6 12. O-O Nbd7 {0-1 (106) Zhukova,N (2426)-Mikadze,M (2216) Stary Smokovec 2018}) 10... Qxd4 {[#]} 11. Qb3 $1 {[%csl LRb7,LRf7][%cal Rb3f7]} Nxe4 $2 (11... Nfd7) 12. Qxf7+ Kd8 {[#]} 13. Ba5+ $1 1-0

[Event "10th Dolomiti Open 2019"]
[Site "Forni di Sopra"]
[Date "2019.06.16"]
[Round "2.3"]
[White "Favaloro, Andrea"]
[Black "Mareco, Sandro"]
[Result "0-1"]
[WhiteElo "2337"]
[BlackElo "2643"]
[Annotator "TA"]
[PlyCount "60"]
[EventDate "2019.06.15"]
[EventType "swiss"]
[EventCountry "ITA"]
[SourceTitle "playchess.com"]
[Source "ChessBase"]
[SourceQuality "1"]

{[%evp 12,60,0,0,0,0,0,0,0,0,-3,0,17,0,0,-2,0,-13,0,-13,0,0,0,0,-14,-49,-31,-234,-79,-105,-92,-175,-187,-173,-65,-321,-306,-313,-284,-461,-442,-406,-410,-1320,-1270,-1288,-1225,-29996,-29997,-29997,-29998]} 1. e4 c5 2. c3 Nf6 3. e5 Nd5 4. Nf3 d6 5. d4 cxd4 6. Qxd4 e6 7. Nbd2 Nc6 {B22: Sicilian: 2 c3} 8. Bb5 Bd7 9. Bxc6 $1 Bxc6 {The position is equal.} 10. Nc4 f6 11. exd6 Nb6 $146 ({Predecessor:} 11... b5 12. Qe4 Qc8 13. Na5 Bd7 14. c4 bxc4 15. Nxc4 {½-½ (47) Manca,F (2424)-Baklan,V (2612) Ortisei 2012}) 12. Nxb6 axb6 13. Be3 Bxd6 14. Qxb6 Bc7 15. Qd4 Qe7 16. O-O O-O 17. Rfd1 Qf7 18. Nd2 Qh5 {[%mdl 1024] Black has compensation.} 19. Bf4 $2 (19. h3 $1 $15) 19... e5 $2 (19... Rfd8 $19 20. Qc4 Bxf4 21. Qxf4 Qe2) 20. Qc4+ Kh8 21. Bg3 (21. Be3 $17) 21... f5 $1 $40 {[%cal Rf5f4][%mdl 128] aiming for ...f4. Black attacks with force.} 22. f3 Rf6 ({Better is} 22... Bb6+ $19 23. Kh1 e4 $1 {[%mdl 512]}) 23. Qe2 $2 {[%mdl 8192]} (23. Kh1 $15) 23... Rh6 24. h3 ({Reject} 24. Bxe5 Re8 $19) 24... Rg6 25. Kh2 $2 (25. Qf2) 25... Re8 (25... Rxg3 26. Kxg3 e4+ 27. Kf2 $17) 26. Qe1 f4 27. Bf2 {[#]} (27. Ne4 $142 fxg3+ 28. Kh1) 27... e4 $1 {[%mdl 512]} 28. Nxe4 Bxe4 29. fxe4 {[#]} Rxg2+ $1 {[%mdl 576] Remove Defender} 30. Kxg2 f3+ {Accuracy: White = 34%, Black = 54%.} 0-1

[Event "10th Dolomiti Open 2019"]
[Site "Forni di Sopra"]
[Date "2019.06.16"]
[Round "2.4"]
[White "Deac, Bogdan-Daniel"]
[Black "Guerrero Sierra, Juan Carlos"]
[Result "1-0"]
[WhiteElo "2623"]
[BlackElo "2290"]
[Annotator "RC"]
[PlyCount "55"]
[EventDate "2019.06.15"]
[EventType "swiss"]
[EventCountry "ITA"]
[SourceTitle "playchess.com"]
[Source "ChessBase"]
[SourceQuality "1"]
[TimeControl "40/5400+30:1800+30"]

1. Nf3 {[%emt 0:00:00]} Nf6 {[%emt 0:05:03]} 2. c4 {[%emt 0:00:00]} c6 {[%emt 0:00:21]} 3. d4 {[%emt 0:01:15]} d5 {[%emt 0:00:04]} 4. Nc3 {[%emt 0:00:10]} e6 {[%emt 0:00:33]} 5. e3 {[%emt 0:00:12]} Nbd7 {[%emt 0:00:35]} 6. Qc2 {[%emt 0:00:03]} Bd6 {[%emt 0:01:17]} 7. Bd3 {[%emt 0:00:06]} O-O {[%emt 0:00:47]} 8. O-O {[%emt 0:00:04]} Qe7 {[%emt 0:06:20]} 9. e4 {[%emt 0:15:39]} dxe4 {[%emt 0:03:08]} 10. Nxe4 {[%emt 0:03:42]} Nxe4 {[%emt 0:01:15]} 11. Bxe4 {[%emt 0:00:02]} h6 {[%emt 0:00:14]} 12. c5 {[%emt 0:31:25]} Bc7 {[%emt 0:01:52]} 13. Bd2 {[%emt 0:00:36]} Rd8 {[%emt 0:22:48]} 14. b4 {[%emt 0:20:03]} Nf6 {[%emt 0:04:07]} 15. Bd3 {[%emt 0:00:22]} Bd7 {[%emt 0:00:52]} 16. Rfe1 {[%emt 0:07:18]} Be8 {[%emt 0:05:07]} 17. a4 {[%emt 0:00:08]} b6 {[%emt 0:01:05]} 18. Rab1 {[%emt 0:03:29]} g5 {[%emt 0:06:40]} 19. h3 {[%emt 0:05:31]} Kg7 {[%emt 0:00:20]} 20. Rbc1 {[%emt 0:01:42]} Rab8 {[%emt 0:02:50]} 21. Bc4 {[%emt 0:00:40]} bxc5 {[%emt 0:02:05]} 22. dxc5 {[%emt 0:04:44]} Rxd2 {[%emt 0:00:36]} 23. Qxd2 {[%emt 0:01:00]} Bf4 {[%emt 0:00:06]} 24. Qc3 {[%emt 0:00:11]} Bxc1 {[%emt 0:00:07]} 25. Rxc1 {[%emt 0:00:05]} Kg8 {[%emt 0:02:31]} 26. Ne5 {[%emt 0:01:17]} a5 {[%emt 0:00:53]} 27. bxa5 {[%emt 0:01:30]} Qxc5 {[%emt 0:00:39]} 28. Nxf7 {[%emt 0:00:12]} 1-0

[Event "10th Dolomiti Open 2019"]
[Site "Forni di Sopra"]
[Date "2019.06.16"]
[Round "2.5"]
[White "Lumachi, Gabriele"]
[Black "Martinez Alcantara, Jose Eduardo"]
[Result "0-1"]
[WhiteElo "2286"]
[BlackElo "2583"]
[Annotator "TA"]
[PlyCount "160"]
[EventDate "2019.06.15"]
[EventType "swiss"]
[EventCountry "ITA"]
[SourceTitle "playchess.com"]
[Source "ChessBase"]
[SourceQuality "1"]

{[%evp 11,160,18,14,17,29,26,34,23,24,12,37,26,47,12,20,8,12,19,34,-15,-12,-24,-16,-10,-13,-21,-20,-26,-14,-10,-7,-12,-14,0,0,0,0,0,0,8,55,0,7,0,12,0,0,0,0,0,0,0,0,0,0,0,0,0,0,0,0,0,130,139,92,107,174,0,0,0,170,0,10,11,17,16,100,83,79,0,16,0,0,-24,-33,-36,-36,-32,-16,-36,-8,-12,0,0,0,0,0,0,0,0,0,0,0,0,0,0,0,0,0,0,0,0,0,-51,0,-51,-51,-44,-51,-51,-52,-52,0,-64,-79,-80,0,0,0,-82,0,-798,-735,-608,-606,-591,0,0,0,-19,-16,-29976,-29977,-29975,-29973,-29975,-29976,-29977,-29978,-29976,-29975]} 1. e4 c5 2. Nf3 d6 3. d4 Nf6 4. Nc3 cxd4 5. Nxd4 a6 6. Bg5 Nbd7 7. Qe2 {B94: Sicilian Najdorf: 6 Bg5 Nbd7} h6 8. Bh4 g6 9. f4 {White is slightly better.} e5 10. fxe5 dxe5 11. O-O-O Be7 12. Bxf6 $146 ({Predecessor:} 12. Nf3 Qc7 13. Qc4 Qb8 14. Nd5 b5 {½-½ (52) Hou,Y (2603)-Anand,V (2772) Wijk aan Zee 2013}) 12... Nxf6 {[#]} 13. Nc6 $1 {[%mdl 512]} Qc7 (13... bxc6 14. Rxd8+) 14. Nxe7 Qxe7 15. h3 Be6 16. g4 $1 O-O 17. Bg2 Rad8 18. Qe3 Kg7 19. Qb6 Rxd1+ 20. Rxd1 Rc8 21. Nd5 Qc5 22. Qxc5 Rxc5 23. b3 Ne8 24. Kb2 a5 25. Ne3 Nc7 26. Bf1 Kf6 27. h4 Ke7 28. a4 Ne8 29. g5 hxg5 30. hxg5 Nd6 31. Bd3 Rc8 32. Rh1 Rd8 33. Rh7 b6 34. Rh4 Nb7 35. Bc4 Rd4 36. Rh8 Rxe4 (36... Nd6 $11) 37. Nd5+ $16 Kd6 38. Nxb6 Rg4 (38... Bf5 $16 {was called for.}) 39. Nc8+ Kd7 40. Nb6+ Kd6 $1 41. Nc8+ $2 ({Only move:} 41. Bxe6 $1 $18 Kxe6 42. Re8+ Kf5 43. Nc4 Rxg5 44. Re7 (44. Rxe5+ Kf6 $14) (44. Nxe5 Nd6 $17)) 41... Bxc8 42. Rxc8 Rxg5 43. Bxf7 $11 {[%mdl 4096] Endgame KRB-KRN} Rg1 (43... e4 $1 $11) 44. Rb8 Kc6 45. c4 (45. Ra8 $16) 45... Kc7 46. Re8 Nc5 47. Rg8 Rg2+ 48. Ka3 Rg3 49. Rxg6 Rxb3+ 50. Ka2 Rb4 51. Be8 Ne4 52. Bb5 Nc3+ 53. Ka3 Nb1+ 54. Ka2 Nc3+ 55. Ka3 e4 56. Re6 Nb1+ 57. Ka2 Nc3+ 58. Ka3 Nxb5+ 59. cxb5 {KR-KR} Kd7 60. Re5 Kd6 61. Re8 Kd5 {White should prevent ...Kd4.} 62. Rd8+ ({Better is} 62. Re7 $11) 62... Kc5 (62... Kc4 $15 63. Rc8+ Kd4 64. Rd8+ Kc4) 63. Rc8+ (63. Re8 $11) 63... Kd4 $15 64. Rd8+ Kc3 65. Rc8+ Kd3 66. Rd8+ Kc2 ({Black should try} 66... Ke2 $1 $15 67. Ra8 e3 68. Rxa5 Kd3 $3 {[%mdl 512]}) 67. Rc8+ (67. Re8 $1 $11) 67... Kd2 68. Rd8+ Kc1 {Hoping for ...e3.} 69. Re8 Kd2 {...e3 is the strong threat.} 70. Rd8+ Ke1 ({Black should play} 70... Ke2 $1 $17 {Threatens to win with ...e3.} 71. Ra8 e3 72. Rxa5 Kd3 $1 {[%mdl 512]}) 71. b6 $2 {[%mdl 8192]} (71. Ra8 $11) 71... e3 {And now ...e2 would win.} 72. Rd5 Rxb6 {Strongly threatening ...Ra6.} 73. Rxa5 e2 $2 (73... Re6 $19 74. Kb4 Re4+ 75. Kc3 e2) 74. Re5 $11 Kd2 75. Rd5+ Kc3 76. Rc5+ $2 {[%mdl 8192]} (76. Re5 $11) 76... Kd4 {Black mates.} 77. Rc1 Ke3 78. a5 Rd6 79. Re1 {[#]} Rd4 $1 80. a6 Rd6 {Accuracy: White = 59%, Black = 58%.} 0-1

[Event "10th Dolomiti Open 2019"]
[Site "Forni di Sopra"]
[Date "2019.06.16"]
[Round "2.6"]
[White "Cruz, Cristhian"]
[Black "Vignesh, B."]
[Result "1-0"]
[WhiteElo "2561"]
[BlackElo "2283"]
[Annotator "ChessBase"]
[PlyCount "41"]
[EventDate "2019.06.15"]
[EventType "swiss"]
[EventCountry "ITA"]
[SourceTitle "playchess.com"]
[Source "ChessBase"]
[SourceQuality "1"]
[TimeControl "40/5400+30:1800+30"]

1. d4 {[%emt 0:00:00]} Nf6 {[%emt 0:00:00]} 2. Nf3 {[%emt 0:00:00]} e6 {[%emt 0:00:03]} 3. c4 {[%emt 0:00:27]} Bb4+ {[%emt 0:00:07]} 4. Bd2 {[%emt 0:00:24]} Qe7 {[%emt 0:00:10]} 5. g3 {[%emt 0:00:17]} Nc6 {[%emt 0:00:07]} 6. e3 {[%emt 0:00:37]} b6 {[%emt 0:03:06]} 7. Bg2 {[%emt 0:00:46]} Bb7 {[%emt 0:00:13]} 8. O-O {[%emt 0:00:27]} Bxd2 {[%emt 0:00:09]} 9. Nfxd2 {[%emt 0:03:09]} O-O {[%emt 0:06:32]} 10. Nc3 {[%emt 0:00:42]} d6 {[%emt 0:02:20]} 11. a3 {[%emt 0:03:50]} Nd8 {[%emt 0:09:53]} 12. d5 {[%emt 0:06:35]} c6 {[%emt 0:05:17]} 13. e4 {[%emt 0:04:19]} Re8 {[%emt 0:05:41]} 14. Re1 {[%emt 0:03:12]} Nd7 {[%emt 0:04:05]} 15. Nf1 {[%emt 0:07:20]} Rc8 {[%emt 0:09:56]} 16. Ne3 {[%emt 0:02:08]} a6 {[%emt 0:06:24]} 17. Qd2 {[%emt 0:04:25]} b5 {[%emt 0:02:38]} 18. Rad1 {[%emt 0:08:25]} bxc4 {[%emt 0:01:58]} 19. dxe6 {[%emt 0:00:15]} Ne5 {[%emt 0:04:34]} 20. Nf5 {[%emt 0:01:38]} Qxe6 {[%emt 0:00:15]} 21. Qg5 {[%emt 0:02:05]} 1-0

[Event "10th Dolomiti Open 2019"]
[Site "Forni di Sopra"]
[Date "2019.06.16"]
[Round "2.7"]
[White "Bifulco, Michel"]
[Black "Santos Ruiz, Miguel"]
[Result "0-1"]
[WhiteElo "2271"]
[BlackElo "2557"]
[Annotator "ChessBase"]
[PlyCount "62"]
[EventDate "2019.06.15"]
[EventType "swiss"]
[EventCountry "ITA"]
[SourceTitle "playchess.com"]
[Source "ChessBase"]
[SourceQuality "1"]
[TimeControl "40/5400+30:1800+30"]

1. e4 {[%emt 0:00:00]} c5 {[%emt 0:00:00]} 2. Nc3 {[%emt 0:00:00]} Nc6 {[%emt 0:00:13]} 3. Bb5 {[%emt 0:00:00]} Nd4 {[%emt 0:00:26]} 4. Bc4 {[%emt 0:00:00]} a6 {[%emt 0:01:03]} 5. a3 {[%emt 0:02:52]} e6 {[%emt 0:04:04]} 6. Nge2 {[%emt 0:00:31]} Nf6 {[%emt 0:06:40]} 7. O-O {[%emt 0:03:29]} Nxe4 {[%emt 0:13:09]} 8. Nxe4 {[%emt 0:02:41]} d5 {[%emt 0:00:10]} 9. c3 {[%emt 0:10:50]} Nxe2+ {[%emt 0:07:52]} 10. Bxe2 {[%emt 0:00:50]} dxe4 {[%emt 0:00:03]} 11. Qa4+ {[%emt 0:00:09]} Bd7 {[%emt 0:00:06]} 12. Qxe4 {[%emt 0:00:04]} Bc6 {[%emt 0:00:06]} 13. Qe3 {[%emt 0:00:31]} Be7 {[%emt 0:05:29]} 14. Bf3 {[%emt 0:00:36]} Rc8 {[%emt 0:05:44]} 15. d3 {[%emt 0:08:28]} O-O {[%emt 0:04:14]} 16. Bxc6 {[%emt 0:04:08]} Rxc6 {[%emt 0:00:06]} 17. Rd1 {[%emt 0:00:13]} Bf6 {[%emt 0:08:21]} 18. Qf3 {[%emt 0:04:11]} Qb6 {[%emt 0:01:25]} 19. Qe2 {[%emt 0:01:16]} Qb3 {[%emt 0:05:33]} 20. Be3 {[%emt 0:01:22]} Rd8 {[%emt 0:00:34]} 21. Rd2 {[%emt 0:01:56]} b5 {[%emt 0:03:56]} 22. d4 {[%emt 0:11:10]} cxd4 {[%emt 0:01:11]} 23. Rad1 {[%emt 0:00:29]} Rcd6 {[%emt 0:02:17]} 24. Bxd4 {[%emt 0:01:28]} e5 {[%emt 0:01:04]} 25. Be3 {[%emt 0:08:54]} Qxb2 {[%emt 0:00:06]} 26. Rxb2 {[%emt 0:05:10]} Rxd1+ {[%emt 0:00:06]} 27. Qf1 {[%emt 0:00:03]} Rxf1+ {[%emt 0:07:30]} 28. Kxf1 {[%emt 0:00:12]} Rc8 {[%emt 0:00:02]} 29. Rb3 {[%emt 0:01:28]} Rc4 {[%emt 0:00:18]} 30. Ke2 {[%emt 0:00:19]} Be7 {[%emt 0:00:08]} 31. Kd3 {[%emt 0:01:05]} f5 {[%emt 0:23:34] Kd4} 0-1

[Event "10th Dolomiti Open 2019"]
[Site "Forni di Sopra"]
[Date "2019.06.16"]
[Round "2.8"]
[White "Kumar, Nikhil"]
[Black "Castellanos Rodriguez, Renier"]
[Result "1/2-1/2"]
[WhiteElo "2257"]
[BlackElo "2511"]
[Annotator "ChessBase"]
[PlyCount "80"]
[EventDate "2019.06.15"]
[EventType "swiss"]
[EventCountry "ITA"]
[SourceTitle "playchess.com"]
[Source "ChessBase"]
[SourceQuality "1"]
[TimeControl "40/5400+30:1800+30"]

1. d4 {[%emt 0:00:00]} Nf6 {[%emt 0:00:00]} 2. c4 {[%emt 0:00:00]} e6 {[%emt 0:00:11]} 3. g3 {[%emt 0:00:07]} d5 {[%emt 0:02:32]} 4. Nf3 {[%emt 0:00:08]} c6 {[%emt 0:02:49]} 5. Bg2 {[%emt 0:00:14]} b6 {[%emt 0:01:14]} 6. O-O {[%emt 0:01:22]} Bb7 {[%emt 0:00:15]} 7. Qc2 {[%emt 0:01:00]} Be7 {[%emt 0:00:16]} 8. Rd1 {[%emt 0:00:50]} O-O {[%emt 0:00:08]} 9. Nbd2 {[%emt 0:00:49]} Na6 {[%emt 0:01:19]} 10. a3 {[%emt 0:01:32]} c5 {[%emt 0:08:36]} 11. dxc5 {[%emt 0:02:48]} Nxc5 {[%emt 0:04:35]} 12. b4 {[%emt 0:03:53]} Ncd7 {[%emt 0:00:23]} 13. Bb2 {[%emt 0:01:40]} Rc8 {[%emt 0:01:38]} 14. Qb3 {[%emt 0:12:36]} Qc7 {[%emt 0:11:34]} 15. Rac1 {[%emt 0:02:40]} Qb8 {[%emt 0:00:13]} 16. cxd5 {[%emt 0:05:01]} Bxd5 {[%emt 0:00:45]} 17. Qd3 {[%emt 0:00:11]} Qa8 {[%emt 0:08:29]} 18. Ne1 {[%emt 0:04:45]} a5 {[%emt 0:04:04]} 19. Bxd5 {[%emt 0:04:21]} Nxd5 {[%emt 0:01:24]} 20. Qb5 {[%emt 0:02:30]} Bf6 {[%emt 0:02:12]} 21. bxa5 {[%emt 0:05:01]} Bxb2 {[%emt 0:06:03]} 22. Qxb2 {[%emt 0:00:11]} Qxa5 {[%emt 0:00:32]} 23. Nb3 {[%emt 0:05:46]} Qb5 {[%emt 0:04:23]} 24. Nd3 {[%emt 0:04:40]} Ra8 {[%emt 0:07:16]} 25. Nb4 {[%emt 0:08:45]} N5f6 {[%emt 0:08:08]} 26. Ra1 {[%emt 0:06:35]} Rfc8 {[%emt 0:02:14]} 27. Nd4 {[%emt 0:02:57]} Qa4 {[%emt 0:01:17]} 28. Qb3 {[%emt 0:01:03]} Qxb3 {[%emt 0:05:32]} 29. Nxb3 {[%emt 0:00:02]} Ne5 {[%emt 0:02:08]} 30. Rdc1 {[%emt 0:08:24]} Rxc1+ {[%emt 0:02:17]} 31. Rxc1 {[%emt 0:00:20]} g5 {[%emt 0:00:19]} 32. Ra1 {[%emt 0:03:11]} Ra4 {[%emt 0:01:06]} 33. Nd2 {[%emt 0:00:40]} Ra7 {[%emt 0:02:33]} 34. a4 {[%emt 0:02:36]} Rd7 {[%emt 0:02:11]} 35. Nb3 {[%emt 0:01:12]} h6 {[%emt 0:01:28]} 36. a5 {[%emt 0:01:17]} bxa5 {[%emt 0:00:05]} 37. Rxa5 {[%emt 0:00:38]} Rb7 {[%emt 0:00:56]} 38. Rxe5 {[%emt 0:01:04]} Rxb4 {[%emt 0:00:04]} 39. Re3 {[%emt 0:00:50]} Rc4 {[%emt 0:01:27]} 40. Rd3 {[%emt 0:01:12]} Nd5 {[%emt 0:02:04]} 1/2-1/2

[Event "10th Dolomiti Open 2019"]
[Site "Forni di Sopra"]
[Date "2019.06.16"]
[Round "2.9"]
[White "Valsecchi, Alessio"]
[Black "Dappiano, Andrea"]
[Result "0-1"]
[WhiteElo "2504"]
[BlackElo "2271"]
[Annotator "RC"]
[PlyCount "119"]
[EventDate "2019.06.15"]
[EventType "swiss"]
[EventCountry "ITA"]
[SourceTitle "playchess.com"]
[Source "ChessBase"]
[SourceQuality "1"]
[TimeControl "40/5400+30:1800+30"]

1. d4 {[%emt 0:00:00]} e6 {[%emt 0:00:00]} 2. Nf3 {[%emt 0:00:00]} Nf6 {[%emt 0:00:00]} 3. e3 {[%emt 0:00:00]} c5 {[%emt 0:04:13]} 4. Bd3 {[%emt 0:00:08]} d5 {[%emt 0:00:40]} 5. b3 {[%emt 0:00:15]} Nc6 {[%emt 0:01:03]} 6. O-O {[%emt 0:00:25]} Bd6 {[%emt 0:01:46]} 7. Bb2 {[%emt 0:00:16]} O-O {[%emt 0:01:34]} 8. a3 {[%emt 0:02:50]} b6 {[%emt 0:00:49]} 9. Nbd2 {[%emt 0:00:59]} Bb7 {[%emt 0:01:01]} 10. Ne5 {[%emt 0:00:25]} Rc8 {[%emt 0:07:42]} 11. Qe2 {[%emt 0:02:13]} Qc7 {[%emt 0:05:45]} 12. f4 {[%emt 0:00:18]} Ne7 {[%emt 0:00:44]} 13. Rac1 {[%emt 0:01:04]} Ne4 {[%emt 0:16:21]} 14. Bxe4 {[%emt 0:13:48]} dxe4 {[%emt 0:00:58]} 15. dxc5 {[%emt 0:00:14]} Bxc5 {[%emt 0:04:32]} 16. b4 {[%emt 0:00:15]} Bd6 {[%emt 0:00:32]} 17. c4 {[%emt 0:00:12]} Nf5 {[%emt 0:08:12]} 18. Ng4 {[%emt 0:03:32]} Rfd8 {[%emt 0:06:16]} 19. Nb3 {[%emt 0:00:52]} Qe7 {[%emt 0:03:22]} 20. Nd4 {[%emt 0:10:02]} Bb8 {[%emt 0:09:27]} 21. Rc2 {[%emt 0:13:42]} a5 {[%emt 0:09:11]} 22. Qf2 {[%emt 0:03:17]} f6 {[%emt 0:00:37]} 23. Qe1 {[%emt 0:10:29]} axb4 {[%emt 0:00:35]} 24. axb4 {[%emt 0:00:14]} Bd6 {[%emt 0:01:57]} 25. b5 {[%emt 0:09:19]} Bc5 {[%emt 0:01:14]} 26. Nxf5 {[%emt 0:00:37]} exf5 {[%emt 0:00:04]} 27. Nf2 {[%emt 0:00:06]} Rd3 {[%emt 0:04:15]} 28. Bc1 {[%emt 0:00:32]} Rd6 {[%emt 0:02:54]} 29. Qe2 {[%emt 0:01:11]} Rcd8 {[%emt 0:01:55]} 30. Ra2 {[%emt 0:03:34]} Bc8 {[%emt 0:00:44]} 31. Bd2 {[%emt 0:04:26]} Be6 {[%emt 0:01:19]} 32. Rc1 {[%emt 0:00:11]} Qd7 {[%emt 0:01:12]} 33. Be1 {[%emt 0:00:50]} Qf7 {[%emt 0:00:58]} 34. Ra4 {[%emt 0:01:31]} h6 {[%emt 0:01:24]} 35. Bb4 {[%emt 0:03:06]} Bxb4 {[%emt 0:00:45]} 36. Rxb4 {[%emt 0:00:02]} Rd2 {[%emt 0:00:45]} 37. Qe1 {[%emt 0:00:13]} Qh5 {[%emt 0:00:45]} 38. Ra4 {[%emt 0:04:30]} Qe2 {[%emt 0:02:35]} 39. Ra6 {[%emt 0:08:06]} Qxe1+ {[%emt 0:00:37]} 40. Rxe1 {[%emt 0:00:02]} Bxc4 {[%emt 0:00:33]} 41. Rxb6 {[%emt 0:33:36]} Rb2 {[%emt 0:03:48]} 42. Rc1 {[%emt 0:00:00]} Rdd2 {[%emt 0:03:18]} 43. h4 {[%emt 0:00:00]} Bxb5 {[%emt 0:11:41]} 44. g3 {[%emt 0:00:00]} Rxf2 {[%emt 0:03:06]} 45. Rxb5 {[%emt 0:00:00]} Rg2+ {[%emt 0:02:53]} 46. Kf1 {[%emt 0:00:00]} Rbf2+ {[%emt 0:00:36]} 47. Ke1 {[%emt 0:00:00]} Re2+ {[%emt 0:00:08]} 48. Kf1 {[%emt 0:00:00]} Ref2+ {[%emt 0:00:04]} 49. Ke1 {[%emt 0:00:00]} Rf3 {[%emt 0:00:58]} 50. Rc8+ {[%emt 0:00:00]} Kh7 {[%emt 0:00:06]} 51. h5 {[%emt 0:00:00]} Rfxg3 {[%emt 0:01:47]} 52. Rbb8 {[%emt 0:00:00]} Rg1+ {[%emt 0:00:09]} 53. Kd2 {[%emt 0:00:00]} R3g2+ {[%emt 0:00:09]} 54. Kc3 {[%emt 0:00:00]} Rc1+ {[%emt 0:00:09]} 55. Kb3 {[%emt 0:00:00]} Rxc8 {[%emt 0:00:30]} 56. Rxc8 {[%emt 0:00:00]} Rh2 {[%emt 0:00:20]} 57. Rc5 {[%emt 0:00:00]} Rxh5 {[%emt 0:00:08]} 58. Kc4 {[%emt 0:00:00]} Kg6 {[%emt 0:00:48]} 59. Kd5 {[%emt 0:00:00]} Rh3 {[%emt 0:00:37]} 60. Kd4 {[%emt 0:12:38]} 0-1